[Event "Reinstorf op"]
[Site "Reinstorf"]
[Date "2022.02.05"]
[Round "8"]
[White "Ermitsch, Michael"]
[Black "Kugler, Florian"]
[Result "0-1"]
[WhiteElo "2103"]
[BlackElo "2222"]
[PlyCount "104"]
[EventDate "2022.01.29"]
[EventType "swiss"]
[EventRounds "9"]
[EventCountry "GER"]
[SourceTitle "CBM 206 Extra"]
[Source "ChessBase"]
[SourceDate "2022.03.31"]
[SourceVersion "1"]
[SourceVersionDate "2022.03.31"]
[SourceQuality "1"]

1. e4 e5 2. Nf3 Nc6 3. Bb5 a6 4. Ba4 Nf6 5. 0-0 Be7 6. d3 b5 7. Bb3 0-0 8. a4 Bb7 9. Re1 d6 10. c3 Na5 11. Bc2 c5 12. d4 Qc7 13. d5 Nd7 14. b4 Nc4 15. a5 Rac8 16. Ra2 h6 17. g4 Qd8 18. Nbd2 cxb4 19. cxb4 Nf6 20. h3 Nh7 21. Kg2 Ng5 22. Ng1 Rc7 23. Nf1 Bc8 24. Ng3 Nh7 25. Bd3 Bg5 26. Rc2 Bd7 27. Qe2 g6 28. Nf3 Bf4 29. Nf1 h5 30. N1h2 Bxh2 31. Nxh2 hxg4 32. hxg4 Qc8 33. Bh6 Re8 34. Rec1 Re7 35. g5 f5 36. gxf6 Nxf6 37. Bxc4 bxc4 38. Bg5 Qf8 39. Qe3 Rh7 40. Qf3 Rf7 41. Bxf6 Rxf6 42. Qg3 Qc8 43. Rc3 Kg7 44. Rh1 Rf4 45. f3 Qb8 46. Rb1 Qh8 47. Nf1 Qh6 48. Ne3 Rh4 49. Kf2 Rh2+ 50. Ke1 Rh3 51. Qf2 Rh1+ 52. Nf1 Bh3 0-1

[Event "Reinstorf Blitz op"]
[Site "Reinstorf"]
[Date "2022.02.04"]
[Round "5"]
[White "Chennaoui, Yasin"]
[Black "Kugler, Florian"]
[Result "1/2-1/2"]
[WhiteElo "2014"]
[BlackElo "2200"]
[PlyCount "83"]
[EventDate "2022.01.29"]
[EventType "swiss (blitz)"]
[EventRounds "9"]
[EventCountry "GER"]
[SourceTitle "CBM 206 Extra"]
[Source "ChessBase"]
[SourceDate "2022.03.31"]
[SourceVersion "1"]
[SourceVersionDate "2022.03.31"]
[SourceQuality "1"]

1. c4 Nf6 2. g3 c6 3. Nf3 g6 4. b3 Bg7 5. Bb2 d5 6. Bg2 0-0 7. 0-0 a5 8. cxd5 cxd5 9. a3 Nc6 10. d4 Bf5 11. Nc3 Ne4 12. Rc1 Nxc3 13. Bxc3 Be4 14. e3 Qb6 15. Ne5 Bxg2 16. Kxg2 Rfc8 17. Nd7 Qd8 18. Nc5 b6 19. Nd3 Qd6 20. b4 axb4 21. Bxb4 Nxb4 22. axb4 Qd7 23. Rxc8+ Rxc8 24. Qb3 Qb5 25. Nf4 e6 26. Rb1 Bf8 27. h4 Rc4 28. Nd3 Bd6 29. h5 Kg7 30. hxg6 hxg6 31. Kf3 g5 32. Kg2 Rc8 33. Kf3 Kg6 34. Kg2 g4 35. Kg1 Rh8 36. Kg2 Qe8 37. Rh1 Rxh1 38. Kxh1 Qh8+ 39. Kg1 Qh3 40. Qc2 Bxg3 41. Ne5+ Kg7 42. fxg3 1/2-1/2

[Event "Reinstorf Blitz op"]
[Site "Reinstorf"]
[Date "2022.02.04"]
[Round "6"]
[White "Kugler, Florian"]
[Black "Koellner, Ruben Gideon"]
[Result "0-1"]
[WhiteElo "2200"]
[BlackElo "2441"]
[PlyCount "92"]
[EventDate "2022.01.29"]
[EventType "swiss (blitz)"]
[EventRounds "9"]
[EventCountry "GER"]
[SourceTitle "CBM 206 Extra"]
[Source "ChessBase"]
[SourceDate "2022.03.31"]
[SourceVersion "1"]
[SourceVersionDate "2022.03.31"]
[SourceQuality "1"]

1. d4 d6 2. Nf3 Nf6 3. g3 g6 4. Bg2 Bg7 5. 0-0 0-0 6. b3 c5 7. Bb2 Nc6 8. Qc1 Qc7 9. c4 Bf5 10. d5 Nb4 11. Nh4 Bd7 12. a3 Na6 13. Nc3 Qc8 14. Re1 Nc7 15. a4 b6 16. e4 a6 17. a5 b5 18. e5 Nfe8 19. e6 fxe6 20. dxe6 Bxe6 21. cxb5 axb5 22. Nxb5 Nxb5 23. Bxa8 Qxa8 24. Rxe6 Nd4 25. Bxd4 Bxd4 26. Ra2 Rf7 27. Qc4 Kf8 28. a6 Nc7 29. Ree2 e5 30. a7 d5 31. Qa4 Ne6 32. Qa6 Nd8 33. Qd6+ Ke8 34. Rxe5+ Bxe5 35. Qxe5+ Re7 36. Qd6 Rxa7 37. Rxa7 Qxa7 38. Qxd5 Qe7 39. Nf3 Nf7 40. Kg2 Kf8 41. h4 Kg7 42. Ng5 Nxg5 43. hxg5 Kf8 44. Qa8+ Kg7 45. Qc6 Qxg5 46. Qd5 Qxd5+ 0-1

[Event "Cattolica Vergani Cup"]
[Site "Cattolica"]
[Date "2022.01.02"]
[Round "1"]
[White "Kugler, Florian"]
[Black "Kozul, Zdenko"]
[Result "0-1"]
[WhiteElo "2222"]
[BlackElo "2639"]
[PlyCount "104"]
[EventDate "2022.01.02"]
[EventType "swiss"]
[EventRounds "9"]
[EventCountry "ITA"]
[SourceTitle "EXT 2023"]
[Source "ChessBase"]
[SourceDate "2022.10.05"]
[SourceVersion "1"]
[SourceVersionDate "2022.10.05"]
[SourceQuality "1"]

1. d4 Nf6 2. c4 g6 3. Nf3 Bg7 4. Nc3 0-0 5. g3 c6 6. Bg2 d5 7. cxd5 cxd5 8. Ne5 e6 9. 0-0 Nc6 10. Bf4 Nxe5 11. Bxe5 Bd7 12. Qb3 Bc6 13. Rfe1 Qe7 14. e3 Rfc8 15. a3 Bf8 16. Rad1 Ne4 17. Bxe4 dxe4 18. d5 exd5 19. Bd4 Qe6 20. Ne2 g5 21. Bc3 Rd8 22. Nd4 Qh3 23. Nxc6 bxc6 24. Qa4 Rd6 25. Qd4 f5 26. f3 exf3 27. Rd2 Qh6 28. Qh8+ Kf7 29. Rf2 g4 30. Qd4 Re6 31. Qd3 Qg6 32. Qa6 Kg8 33. Qb7 Qe8 34. Bd4 a5 35. Rc2 Qb8 36. Qxb8 Rxb8 37. Rec1 Rc8 38. h4 a4 39. Kf2 Kf7 40. Rc3 Be7 41. R1c2 h5 42. b4 axb3 43. Rxb3 c5 44. Bb2 Ra6 45. Rb7 Ke6 46. Rd2 c4 47. Bc3 Rcc6 48. Rdb2 Bxa3 49. R2b5 Be7 50. Rb2 Bf6 51. Bxf6 Kxf6 52. Rh7 Ke5 0-1

[Event "Riga Tech op-A"]
[Site "Riga"]
[Date "2021.08.14"]
[Round "8"]
[White "Kugler, Florian"]
[Black "Visakh, Narayanan Rajeswari"]
[Result "0-1"]
[WhiteElo "2223"]
[BlackElo "2516"]
[PlyCount "64"]
[EventDate "2021.08.09"]
[EventType "swiss"]
[EventRounds "9"]
[EventCountry "LAT"]
[SourceTitle "CBM 203 Extra"]
[Source "ChessBase"]
[SourceDate "2021.09.30"]
[SourceVersion "1"]
[SourceVersionDate "2021.09.30"]
[SourceQuality "1"]

1. d4 Nf6 2. Nf3 e6 3. g3 b5 4. a4 b4 5. c4 bxc3 6. Nxc3 Bb7 7. Bg2 Na6 8. 0-0 Be7 9. Bg5 Rb8 10. Rc1 0-0 11. Re1 Bxf3 12. Bxf3 Rxb2 13. e4 c6 14. h4 h6 15. Bf4 Qa5 16. g4 Nh7 17. Bg3 Qd8 18. Re2 Rxe2 19. Qxe2 Nb4 20. Rb1 a5 21. h5 d5 22. exd5 exd5 23. Nd1 Bd6 24. Bxd6 Qxd6 25. Ne3 Ng5 26. Nf5 Qf4 27. Bg2 g6 28. hxg6 fxg6 29. Nh4 Qf6 30. Rb3 Ne6 31. g5 hxg5 32. Rf3 Nxd4 0-1

[Event "Riga Tech op-A"]
[Site "Riga"]
[Date "2021.08.12"]
[Round "5"]
[White "Kantans, Toms"]
[Black "Kugler, Florian"]
[Result "1/2-1/2"]
[WhiteElo "2501"]
[BlackElo "2223"]
[PlyCount "89"]
[EventDate "2021.08.09"]
[EventType "swiss"]
[EventRounds "9"]
[EventCountry "LAT"]
[SourceTitle "CBM 203 Extra"]
[Source "ChessBase"]
[SourceDate "2021.09.30"]
[SourceVersion "1"]
[SourceVersionDate "2021.09.30"]
[SourceQuality "1"]

1. e4 e5 2. Nf3 Nc6 3. d4 exd4 4. Nxd4 Nf6 5. Nxc6 bxc6 6. e5 Qe7 7. Qe2 Nd5 8. c4 Ba6 9. b3 g6 10. Ba3 Nb4 11. Bb2 Bg7 12. f4 0-0 13. Qd2 Bb7 14. Be2 f6 15. exf6 Bxf6 16. 0-0 Bxb2 17. Qxb2 Qe3+ 18. Kh1 Rxf4 19. Rxf4 Qxf4 20. Nc3 c5 21. Rf1 Qg5 22. Bf3 Bxf3 23. Rxf3 Re8 24. g3 Qe5 25. Qf2 Qe1+ 26. Kg2 Qxf2+ 27. Rxf2 c6 28. a3 Na6 29. Rd2 Re3 30. Rxd7 Rxc3 31. Rxa7 Nb4 32. axb4 cxb4 33. Rc7 Rxb3 34. Rxc6 Rb1 35. Rb6 b3 36. g4 Kf7 37. Rb7+ Ke6 38. Rb5 b2 39. Kh3 g5 40. Kg2 h6 41. h3 Kd6 42. Kh2 Kc6 43. Kg2 Kd6 44. Kh2 Kc6 45. Kg2 1/2-1/2

[Event "Sitges Sunway online op"]
[Site "Chess.com INT"]
[Date "2020.04.25"]
[Round "7"]
[White "Kugler, Florian"]
[Black "Sattarov, Bobir"]
[Result "1/2-1/2"]
[WhiteElo "2223"]
[BlackElo "2459"]
[PlyCount "89"]
[EventDate "2020.04.19"]
[EventType "swiss"]
[EventRounds "9"]
[EventCountry "ESP"]
[SourceTitle "CBM 195 Extra"]
[Source "ChessBase"]
[SourceDate "2020.05.31"]
[SourceVersion "1"]
[SourceVersionDate "2020.05.31"]
[SourceQuality "1"]

1. d4 Nf6 2. c4 c5 3. Nf3 cxd4 4. Nxd4 e5 5. Nb5 d5 6. cxd5 Bc5 7. N5c3 0-0 8. e3 e4 9. a3 Qe7 10. Nd2 a5 11. Qc2 Bf5 12. Be2 Nbd7 13. 0-0 Rfc8 14. Rd1 Bd6 15. Nc4 Bxh2+ 16. Kxh2 Rxc4 17. Kg1 Rcc8 18. Rd4 Nc5 19. Bd2 Qe5 20. Rb1 Bg4 21. Be1 h5 22. Rbd1 Bxe2 23. Qxe2 Ng4 24. g3 Qf5 25. Kg2 Ne5 26. d6 Re8 27. Nd5 Ne6 28. Nc7 Nf3 29. Rd5 Qg4 30. Qf1 Neg5 31. Qh1 h4 32. Kf1 hxg3 33. fxg3 Re6 34. d7 Rd8 35. Nxe6 fxe6 36. Rd6 Nh3 37. Rc1 e5 38. Qg2 Rf8 39. Bf2 Rd8 40. Be1 Qf5 41. Bf2 Nxf2 42. Qxf2 Rxd7 43. Rxd7 Qh3+ 44. Ke2 Qxd7 45. Kf1 1/2-1/2

[Event "Sitges Sunway online op"]
[Site "Chess.com INT"]
[Date "2020.04.23"]
[Round "5"]
[White "Kugler, Florian"]
[Black "Baskin, Robert"]
[Result "1-0"]
[WhiteElo "2223"]
[BlackElo "2390"]
[PlyCount "73"]
[EventDate "2020.04.19"]
[EventType "swiss"]
[EventRounds "9"]
[EventCountry "ESP"]
[SourceTitle "EXT 2021"]
[Source "ChessBase"]
[SourceDate "2020.10.23"]
[SourceVersion "1"]
[SourceVersionDate "2020.10.23"]
[SourceQuality "1"]

1. d4 Nf6 2. Nf3 d5 3. c4 e6 4. g3 dxc4 5. Bg2 Bb4+ 6. Bd2 a5 7. Nc3 Nc6 8. a3 Be7 9. Qa4 Nd5 10. Qxc4 Nb6 11. Qd3 Bf6 12. Nb5 0-0 13. 0-0 e5 14. Be3 exd4 15. Nbxd4 Nxd4 16. Bxd4 c6 17. Rfd1 Bxd4 18. Nxd4 Qf6 19. Rac1 Rd8 20. Qe3 Rb8 21. Rd3 Bg4 22. h3 Bh5 23. f4 h6 24. f5 Re8 25. Qf2 Qg5 26. Rc2 Rbd8 27. g4 Bxg4 28. hxg4 Qxg4 29. b3 Re5 30. Nxc6 Rxd3 31. Nxe5 Rd1+ 32. Kh2 Qh5+ 33. Bh3 Nd5 34. Qg3 Rd4 35. Qf3 Qxf3 36. Rc8+ Kh7 37. exf3 1-0

[Event "London Classic op 7th"]
[Site "London"]
[Date "2015.12.11"]
[Round "9"]
[White "Lokander, Martin"]
[Black "Kugler, Florian"]
[Result "1-0"]
[WhiteElo "2367"]
[BlackElo "2213"]
[PlyCount "123"]
[EventDate "2015.12.04"]
[EventType "swiss"]
[EventRounds "9"]
[EventCountry "ENG"]
[SourceTitle "CBM 169 Extra"]
[Source "ChessBase"]
[SourceDate "2015.12.18"]
[SourceVersion "1"]
[SourceVersionDate "2015.12.18"]
[SourceQuality "1"]

1. d4 Nf6 2. c4 g6 3. Nc3 d5 4. Bf4 Bg7 5. e3 0-0 6. Nf3 c5 7. dxc5 Qa5 8. Rc1 dxc4 9. Bxc4 Ne4 10. Be5 Nc6 11. Bxg7 Kxg7 12. Nd4 e5 13. Nxc6 bxc6 14. Qa4 Qxa4 15. Nxa4 Rb8 16. f3 Nf6 17. a3 e4 18. b4 Nd7 19. f4 Nf6 20. Nc3 Rd8 21. h3 a5 22. Rb1 axb4 23. axb4 Ra8 24. Ke2 Ra3 25. Rhd1 Rxd1 26. Nxd1 Be6 27. Bxe6 fxe6 28. Rb2 Nd5 29. Kd2 Kf7 30. g4 Ke8 31. b5 Kd7 32. b6 Kc8 33. Rc2 Rd3+ 34. Ke2 Kb8 35. g5 Ra3 36. Kf2 Rd3 37. Ke2 Ra3 38. h4 Rd3 39. Rc1 Ra3 40. Kd2 Rd3+ 41. Ke2 Ra3 42. Kd2 Rd3+ 43. Kc2 Ra3 44. Kb2 Rd3 45. Ra1 Rd2+ 46. Kc1 Rh2 47. Ra7 Rxh4 48. Nf2 Nxf4 49. exf4 Rxf4 50. Nd1 Rf5 51. Ra5 Rxg5 52. Ne3 h5 53. Nc2 Rg1+ 54. Kb2 Rg2 55. Kc3 Rg3+ 56. Kc4 e3 57. Nd4 Rg4 58. Kd3 e2 59. Nxc6+ Kb7 60. Nd8+ Kc8 61. Ra8+ Kd7 62. Kxe2 1-0

[Event "BL2-Nord 1314"]
[Site "Germany"]
[Date "2014.02.09"]
[Round "6.7"]
[White "Kugler, Florian"]
[Black "Skibbe, Willi"]
[Result "0-1"]
[WhiteElo "2207"]
[BlackElo "2300"]
[PlyCount "58"]
[EventDate "2013.10.13"]
[EventType "team-tourn"]
[EventRounds "9"]
[EventCountry "GER"]
[SourceTitle "EXT 2015"]
[Source "ChessBase"]
[SourceDate "2014.11.20"]
[SourceVersion "1"]
[SourceVersionDate "2014.11.20"]
[SourceQuality "1"]
[WhiteTeam "Hamburger SK II"]
[BlackTeam "Rostock"]
[WhiteTeamCountry "GER"]
[BlackTeamCountry "GER"]

1. Nf3 d5 2. g3 c6 3. Bg2 Bg4 4. Ne5 Bf5 5. d4 Nd7 6. Nd2 e6 7. Nxd7 Qxd7 8. 0-0 Nf6 9. b3 Be7 10. Bb2 0-0 11. c4 a5 12. a3 b5 13. c5 b4 14. Qc1 Qb7 15. f3 Bg6 16. Re1 e5 17. dxe5 Nd7 18. Bd4 bxa3 19. Rxa3 Qb4 20. Ra4 Qb5 21. Bf1 Bxc5 22. e3 Qb6 23. Qa1 Rfe8 24. Bh3 Nxe5 25. b4 Bxd4 26. Qxd4 Qb5 27. Rxa5 Rxa5 28. bxa5 Qxa5 29. Kf1 Bd3+ 0-1

[Event "Oberliga Nord N 1314"]
[Site "Germany"]
[Date "2014.01.12"]
[Round "8.3"]
[White "Perez de Miguel, Alvaro"]
[Black "Kugler, Florian"]
[Result "0-1"]
[WhiteElo "2185"]
[BlackElo "2236"]
[PlyCount "86"]
[EventDate "2013.10.13"]
[EventType "team-tourn"]
[EventRounds "9"]
[EventCountry "GER"]
[SourceTitle "EXT 2015"]
[Source "ChessBase"]
[SourceDate "2014.11.20"]
[SourceVersion "1"]
[SourceVersionDate "2014.11.20"]
[SourceQuality "1"]
[WhiteTeam "St Pauli"]
[BlackTeam "Hamburger SK III"]
[WhiteTeamCountry "GER"]
[BlackTeamCountry "GER"]

1. d4 g6 2. Nf3 Bg7 3. e4 e6 4. Bg5 Ne7 5. Nc3 d5 6. Qd2 h6 7. Bf4 a6 8. exd5 exd5 9. 0-0-0 Nbc6 10. Ne5 Be6 11. Be2 Nxe5 12. Bxe5 f6 13. Bf4 Qd7 14. Bf3 g5 15. Bh5+ Bf7 16. Bxf7+ Kxf7 17. Bg3 h5 18. h4 g4 19. Kb1 b5 20. Rde1 b4 21. Ne2 a5 22. Nf4 Bh6 23. Qd3 Bxf4 24. Bxf4 Ng6 25. Bd2 Rae8 26. f3 Rxe1+ 27. Bxe1 Nf4 28. Qd2 Qf5 29. Bg3 Ne6 30. Rf1 Rg8 31. Bh2 g3 32. Bg1 Qf4 33. Be3 Qxh4 34. Qd1 Qh2 35. Rg1 h4 36. Qd3 h3 37. Qh7+ Rg7 38. Qh5+ Ke7 39. gxh3 Qe2 40. Qh6 g2 41. b3 Qxf3 42. Kb2 Qe4 43. Re1 Rh7 0-1

[Event "Oberliga Nord N 1314"]
[Site "Germany"]
[Date "2013.11.24"]
[Round "3.3"]
[White "Kugler, Florian"]
[Black "Bokelbrink, Uwe"]
[Result "1-0"]
[WhiteElo "2236"]
[BlackElo "2275"]
[PlyCount "65"]
[EventDate "2013.10.13"]
[EventType "team-tourn"]
[EventRounds "9"]
[EventCountry "GER"]
[SourceTitle "EXT 2015"]
[Source "ChessBase"]
[SourceDate "2014.11.20"]
[SourceVersion "1"]
[SourceVersionDate "2014.11.20"]
[SourceQuality "1"]
[WhiteTeam "Hamburger SK III"]
[BlackTeam "Pinneberg"]
[WhiteTeamCountry "GER"]
[BlackTeamCountry "GER"]

1. c4 c5 2. Nc3 Nc6 3. g3 g6 4. Bg2 Bg7 5. Nf3 d6 6. 0-0 e5 7. d3 Nge7 8. a3 0-0 9. Rb1 a5 10. Ne1 Be6 11. Nd5 Rb8 12. Nxe7+ Nxe7 13. b4 axb4 14. axb4 b6 15. Bg5 f6 16. Be3 Qd7 17. Qb3 Bh3 18. bxc5 dxc5 19. Qb5 Qe6 20. Qa6 Bxg2 21. Nxg2 Qc6 22. Rb5 e4 23. Rfb1 exd3 24. exd3 Nf5 25. Rxb6 Rxb6 26. Qxb6 Qd7 27. Bxc5 Re8 28. Nf4 g5 29. Nd5 Nh4 30. Ne7+ Rxe7 31. Bxe7 Nf3+ 32. Kg2 Qg4 33. Qd8+ 1-0

[Event "Oberliga Nord N 1314"]
[Site "Germany"]
[Date "2013.10.13"]
[Round "1.3"]
[White "Voigt, Martin"]
[Black "Kugler, Florian"]
[Result "1-0"]
[WhiteElo "2298"]
[BlackElo "2236"]
[PlyCount "63"]
[EventDate "2013.10.13"]
[EventType "team-tourn"]
[EventRounds "9"]
[EventCountry "GER"]
[SourceTitle "EXT 2015"]
[Source "ChessBase"]
[SourceDate "2014.11.20"]
[SourceVersion "1"]
[SourceVersionDate "2014.11.20"]
[SourceQuality "1"]
[WhiteTeam "Hamburg Diogenes"]
[BlackTeam "Hamburger SK III"]
[WhiteTeamCountry "GER"]
[BlackTeamCountry "GER"]

1. e4 g6 2. d4 Bg7 3. Nc3 d6 4. f4 c5 5. d5 a6 6. a4 e6 7. Bc4 Ne7 8. Nf3 0-0 9. dxe6 Bxe6 10. Bxe6 fxe6 11. Ng5 Qd7 12. Qg4 Rf6 13. Be3 e5 14. Qg3 Nbc6 15. 0-0 Raf8 16. Nd5 Nxd5 17. exd5 Nb4 18. Ne6 Nxc2 19. Nxf8 Rxf8 20. Rad1 Nxe3 21. Qxe3 Rxf4 22. Rxf4 Bh6 23. g3 Bxf4 24. Qf3 Bh6 25. Qf6 Qxa4 26. Qe6+ Kg7 27. Rf1 Be3+ 28. Kg2 Qc2+ 29. Kh3 Qe2 30. Qf6+ Kh6 31. Rf5 Bg5 32. Qxg5+ 1-0

[Event "GER-chT Lands U20"]
[Site "Hannover"]
[Date "2013.10.05"]
[Round "6.1"]
[White "Kugler, Florian"]
[Black "Schreiber, Kevin"]
[Result "1-0"]
[WhiteElo "2228"]
[BlackElo "1991"]
[PlyCount "61"]
[EventDate "2013.10.02"]
[EventType "team-swiss"]
[EventRounds "7"]
[EventCountry "GER"]
[SourceTitle "EXT 2014"]
[Source "ChessBase"]
[SourceDate "2013.11.20"]
[SourceVersion "1"]
[SourceVersionDate "2013.11.20"]
[SourceQuality "1"]
[WhiteTeam "Hamburg"]
[BlackTeam "Mecklenburg Vorpommern"]
[WhiteTeamCountry "GER"]
[BlackTeamCountry "GER"]

1. e4 c5 2. Nf3 e6 3. d4 cxd4 4. Nxd4 Nc6 5. Nc3 Qc7 6. g3 a6 7. Bg2 Nf6 8. 0-0 Be7 9. Kh1 0-0 10. f4 d6 11. Be3 Rb8 12. a4 Na5 13. g4 Nc4 14. Bc1 Rd8 15. g5 Ne8 16. f5 g6 17. Qf3 Ne5 18. Qh3 Qc4 19. Be3 Bd7 20. Nce2 exf5 21. exf5 Ng7 22. b3 Qc8 23. Ng3 Qc3 24. Ne4 Qc8 25. Nf6+ Bxf6 26. gxf6 Nh5 27. Qh4 Re8 28. Qg5 Qd8 29. fxg6 hxg6 30. Bd5 Ng4 31. Qxg6+ 1-0

[Event "GER-chT Lands U20"]
[Site "Hannover"]
[Date "2013.10.03"]
[Round "2.1"]
[White "Kugler, Florian"]
[Black "Frischmann, Rick"]
[Result "0-1"]
[WhiteElo "2228"]
[BlackElo "2249"]
[PlyCount "101"]
[EventDate "2013.10.02"]
[EventType "team-swiss"]
[EventRounds "7"]
[EventCountry "GER"]
[SourceTitle "EXT 2014"]
[Source "ChessBase"]
[SourceDate "2013.11.20"]
[SourceVersion "1"]
[SourceVersionDate "2013.11.20"]
[SourceQuality "1"]
[WhiteTeam "Hamburg"]
[BlackTeam "Saarland"]
[WhiteTeamCountry "GER"]
[BlackTeamCountry "SAA"]

1. e4 c5 2. Nf3 e6 3. d4 cxd4 4. Nxd4 a6 5. Nc3 Qc7 6. g3 Bb4 7. Bd2 Nc6 8. Nb3 Be7 9. Bg2 Nf6 10. 0-0 0-0 11. f4 d6 12. g4 d5 13. exd5 Nb4 14. dxe6 Bxe6 15. g5 Ng4 16. Kh1 Rad8 17. Qe2 h5 18. h3 Bc4 19. Qf3 Bxb3 20. cxb3 Rxd2 21. hxg4 hxg4 22. Qxg4 Nc2 23. Rac1 Ne3 24. Nd5 Nxg4 25. Rxc7 Bd8 26. Rxb7 Re8 27. Rb8 Kh7 28. Nc3 g6 29. f5 Ne3 30. fxg6+ Kxg6 31. Be4+ Kxg5 32. Rxf7 Ng4 33. Rf5+ Kh4 34. Rb4 Bg5 35. Rc4 Be3 36. Bg2 Rh8 37. Rcc5 Kg3+ 38. Rh5 Nf2+ 39. Kg1 Ng4+ 40. Kh1 Rxh5+ 41. Rxh5 Nf2+ 42. Kg1 Nd3+ 43. Kh1 Rxg2 44. Ne4+ Kf3 45. Rh3+ Kxe4 46. Rxe3+ Kxe3 47. Kxg2 Nxb2 48. Kf1 Nd3 49. a3 Nc1 50. b4 Nd3 51. Kg2 0-1

[Event "Staufer op 25th"]
[Site "Schwaebisch Gmuend"]
[Date "2013.01.06"]
[Round "9"]
[White "Sturm, Bernhard"]
[Black "Kugler, Florian"]
[Result "0-1"]
[WhiteElo "2098"]
[BlackElo "2222"]
[PlyCount "92"]
[EventDate "2013.01.02"]
[EventType "swiss"]
[EventRounds "9"]
[EventCountry "GER"]
[SourceTitle "CBM 152 Extra"]
[Source "ChessBase"]
[SourceDate "2013.02.25"]
[SourceVersion "1"]
[SourceVersionDate "2013.02.25"]
[SourceQuality "1"]

1. e4 g6 2. d4 Bg7 3. g3 d6 4. Bg2 c5 5. dxc5 Qa5+ 6. c3 Qxc5 7. Ne2 Nf6 8. 0-0 0-0 9. Na3 a6 10. Be3 Qc7 11. Nf4 Nbd7 12. Nc2 e6 13. Nd3 Ne5 14. Nxe5 dxe5 15. a4 b6 16. Na3 Bd7 17. Qb3 Rab8 18. Qc4 Qb7 19. Rfd1 Rfc8 20. Qe2 Bxa4 21. Rd6 Qc7 22. Rd2 Ra8 23. c4 Bf8 24. Rd3 Rd8 25. b3 Rxd3 26. Qxd3 Rd8 27. Qc3 Bc6 28. f3 a5 29. c5 Be8 30. Rc1 Rc8 31. Kf1 Nd7 32. c6 Nb8 33. Nc4 Qxc6 34. Qxe5 Bg7 35. Qd6 Qxd6 36. Nxd6 Rxc1+ 37. Bxc1 Bc6 38. f4 Bd4 39. Ke1 Nd7 40. Nc8 Kg7 41. Ba3 b5 42. Bd6 Bb7 43. Bc7 Bxc8 44. Bxa5 Nc5 45. Bf1 Nxb3 46. Bb4 Bd7 0-1

[Event "Staufer op 25th"]
[Site "Schwaebisch Gmuend"]
[Date "2013.01.04"]
[Round "5"]
[White "Kugler, Florian"]
[Black "Gheng, Josef"]
[Result "1-0"]
[WhiteElo "2222"]
[BlackElo "2314"]
[PlyCount "93"]
[EventDate "2013.01.02"]
[EventType "swiss"]
[EventRounds "9"]
[EventCountry "GER"]
[SourceTitle "CBM 152 Extra"]
[Source "ChessBase"]
[SourceDate "2013.02.25"]
[SourceVersion "1"]
[SourceVersionDate "2013.02.25"]
[SourceQuality "1"]

1. c4 c5 2. Nc3 Nc6 3. g3 g6 4. Bg2 Bg7 5. d3 d6 6. h3 Bd7 7. e3 Rb8 8. Nge2 a6 9. a4 Nf6 10. 0-0 Qc8 11. Kh2 h5 12. Nf4 Nb4 13. e4 e6 14. Nfe2 Nc6 15. Rb1 e5 16. f4 h4 17. g4 Bxg4 18. hxg4 Nxg4+ 19. Kh1 exf4 20. Bxf4 Nce5 21. Nd5 Kf8 22. Ng1 h3 23. Nxh3 b5 24. b3 bxa4 25. bxa4 Rxb1 26. Qxb1 g5 27. Qb6 Rh6 28. Bxg5 Rxh3+ 29. Kg1 Nxc4 30. Rxf7+ Kxf7 31. Qa7+ Kf8 32. Bxh3 Bd4+ 33. Kg2 Nge3+ 34. Bxe3 Nxe3+ 35. Nxe3 Qe8 36. Ng4 Qxa4 37. Qb8+ Ke7 38. Qc7+ Qd7 39. Qxd7+ Kxd7 40. Ne5+ Kc7 41. Nf3 d5 42. exd5 Kd6 43. Nxd4 Kxd5 44. Nc2 c4 45. Ne3+ Kd4 46. dxc4 a5 47. Bd7 1-0

[Event "Staufer op 25th"]
[Site "Schwaebisch Gmuend"]
[Date "2013.01.04"]
[Round "6"]
[White "Kugler, Florian"]
[Black "Zeller, Frank"]
[Result "0-1"]
[WhiteElo "2222"]
[BlackElo "2398"]
[PlyCount "138"]
[EventDate "2013.01.02"]
[EventType "swiss"]
[EventRounds "9"]
[EventCountry "GER"]
[SourceTitle "CBM 152 Extra"]
[Source "ChessBase"]
[SourceDate "2013.02.25"]
[SourceVersion "1"]
[SourceVersionDate "2013.02.25"]
[SourceQuality "1"]

1. Nf3 c5 2. g3 b6 3. Bg2 Bb7 4. c4 Nf6 5. Nc3 e6 6. 0-0 d6 7. d4 cxd4 8. Qxd4 a6 9. Bg5 Nbd7 10. Rfd1 Be7 11. Rac1 0-0 12. Nd2 Bxg2 13. Kxg2 Qc7 14. Nde4 Rfd8 15. Kg1 h6 16. Nxf6+ Nxf6 17. Be3 Rab8 18. b4 Qb7 19. a4 Rdc8 20. b5 Qa8 21. Ra1 a5 22. Rac1 Rc7 23. f3 Nd7 24. Ne4 Rd8 25. Qb2 Nc5 26. Nxc5 dxc5 27. Bf4 Rcd7 28. Rxd7 Rxd7 29. Be5 Qd8 30. Kf2 Bg5 31. f4 Bf6 32. Bxf6 gxf6 33. Rc3 Rd2 34. Rc2 Rd1 35. Qc3 Kg7 36. Qf3 Qd4+ 37. e3 Qd3 38. Qe2 Qxe2+ 39. Kxe2 Ra1 40. Rd2 Rxa4 41. Rd6 Rxc4 42. Rxb6 Rb4 43. Rb8 c4 44. Kd2 Rb3 45. b6 a4 46. Kc2 Rxe3 47. Ra8 Rb3 48. Rxa4 Rxb6 49. Rxc4 Rd6 50. Rc5 Kg6 51. h3 Ra6 52. Kb2 Ra4 53. Rc3 h5 54. Kb3 Rd4 55. Re3 h4 56. Kc3 Ra4 57. Kb3 Ra1 58. Kc4 hxg3 59. Rxg3+ Kf5 60. Rg7 Kxf4 61. Rxf7 f5 62. h4 Rh1 63. Rh7 e5 64. Kd5 e4 65. Ke6 e3 66. Rh5 e2 67. Rxf5+ Kg4 68. Re5 e1Q 69. Rxe1 Rxe1+ 0-1

[Event "Staufer op 25th"]
[Site "Schwaebisch Gmuend"]
[Date "2013.01.03"]
[Round "4"]
[White "Koenig, Dirk"]
[Black "Kugler, Florian"]
[Result "0-1"]
[WhiteElo "2084"]
[BlackElo "2222"]
[PlyCount "78"]
[EventDate "2013.01.02"]
[EventType "swiss"]
[EventRounds "9"]
[EventCountry "GER"]
[SourceTitle "CBM 152 Extra"]
[Source "ChessBase"]
[SourceDate "2013.02.25"]
[SourceVersion "1"]
[SourceVersionDate "2013.02.25"]
[SourceQuality "1"]

1. c4 Nf6 2. g3 g6 3. Bg2 Bg7 4. Nc3 0-0 5. d4 d6 6. e4 e5 7. Nf3 Nc6 8. d5 Ne7 9. b4 a5 10. bxa5 Rxa5 11. Nd2 Nd7 12. Nb3 Ra8 13. 0-0 f5 14. f3 f4 15. g4 Kf7 16. a4 b6 17. Rf2 h5 18. gxh5 Rh8 19. Bh3 Nf6 20. Bxc8 Qxc8 21. hxg6+ Nxg6 22. Nb5 Bf8 23. a5 bxa5 24. Rxa5 Rxa5 25. Nxa5 Nh4 26. Kf1 Rg8 27. Ke2 Nh7 28. Nb3 Ng5 29. Kd3 Nh3 30. Rf1 Rg2 31. Qe1 Be7 32. Qa5 Nf2+ 33. Ke2 Nxe4+ 34. Ke1 Nxf3+ 35. Rxf3 Qg4 36. N5d4 Rg1+ 37. Ke2 exd4 38. Nxd4 Qg2+ 39. Kd3 Nc5+ 0-1